00310nam a22001457a 450000500170000002000180001704100120003508200160004710000090006324500420007225000070011426000240012130000080014536500110015320260323162302.0 a9788199156562 aEnglish aT13 R25 SUR aSura aAndanoor Sura Sirukathaigal 100 Vol 2 a01 aChennaibNCBHc2025 a460 b390.00